000
00221 a2200097 4500
001
52571
100
_a
Qureshi I H
245
_a
From Miraj to Domes
260
_a
Karachi
_b
Saiyid Afsar Qureshi
_c
090
_c
33058
_d
33058
942
_a
NUST-CAE
_c
M
_c
25623
999
_c
287644
_d
287644